[Event "FICGS rapid C 000166 email"]
[Site "FICGS email"]
[Date "2018.05.11"]
[Round "1"]
[White "Ainsborough, Gregory"]
[Black "D Ottavio, Aldo"]
[Result "0-1"]
[WhiteElo "1700"]
[BlackElo "1668"]
[PlyCount "26"]
[EventDate "2018.??.??"]
[EventType "tourn (rapid)"]
[EventRounds "4"]
[SourceTitle "Corr 2022"]
[Source "ChessBase"]
[SourceDate "2021.10.24"]
[SourceVersion "1"]
[SourceVersionDate "2021.10.24"]
[SourceQuality "1"]

1. f4 c5 2. Nf3 Nf6 3. d3 d5 4. e3 Nc6 5. Be2 e6 6. 0-0 Bd6 7. Qe1 0-0 8. Qh4 Bd7 9. Nc3 a6 10. g4 d4 11. exd4 cxd4 12. Ne4 Nxe4 13. dxe4 f5 0-1

[Event "FICGS class C 000133 email"]
[Site "FICGS email"]
[Date "2010.01.10"]
[Round "1"]
[White "D'Ottavio, Aldo"]
[Black "Payzansky, Aleksey"]
[Result "1/2-1/2"]
[WhiteElo "1647"]
[BlackElo "1799"]
[PlyCount "70"]
[EventDate "2010.??.??"]
[EventType "tourn (corr)"]
[EventRounds "1"]
[SourceTitle "Corr 2013"]
[Source "ChessBase"]
[SourceDate "2012.11.12"]
[SourceVersion "1"]
[SourceVersionDate "2012.11.12"]
[SourceQuality "1"]

1. e4 c5 2. Nf3 d6 3. d4 cxd4 4. Nxd4 Nf6 5. Nc3 g6 6. Be3 Bg7 7. f3 0-0 8. Qd2 Nc6 9. 0-0-0 d5 10. exd5 Nxd5 11. Nxc6 bxc6 12. Bd4 Nxc3 13. Qxc3 Bh6+ 14. Be3 Bxe3+ 15. Qxe3 Qb6 16. Qxe7 Be6 17. Bd3 Qe3+ 18. Rd2 Rfe8 19. Qf6 Rad8 20. h4 Bf5 21. Qg5 Qe6 22. Kb1 Bxd3 23. cxd3 Rd5 24. Qf4 c5 25. Rc1 Qd7 26. Rdc2 Kg7 27. b3 Rd4 28. Qg5 Rd5 29. Qg4 Qb5 30. Qc4 Qd7 31. Qc3+ Kg8 32. Qf6 Qb5 33. Rc4 Re3 34. Qb2 Rexd3 35. Qa3 Re3 1/2-1/2

[Event "FICGS class C 000133 email"]
[Site "FICGS email"]
[Date "2010.01.10"]
[Round "1"]
[White "Von Buttlar, Paul"]
[Black "D'Ottavio, Aldo"]
[Result "1-0"]
[WhiteElo "1776"]
[BlackElo "1647"]
[PlyCount "47"]
[EventDate "2010.??.??"]
[EventType "tourn (corr)"]
[EventRounds "1"]
[SourceTitle "Corr 2013"]
[Source "ChessBase"]
[SourceDate "2012.11.12"]
[SourceVersion "1"]
[SourceVersionDate "2012.11.12"]
[SourceQuality "1"]

1. c4 Nf6 2. Nc3 e6 3. e4 c5 4. e5 Ng8 5. Nf3 Nc6 6. d4 cxd4 7. Nxd4 Nxd4 8. Qxd4 Ne7 9. f4 Nc6 10. Qd1 Be7 11. Be3 0-0 12. Bd3 d6 13. 0-0 dxe5 14. fxe5 g6 15. Bh6 Qd4+ 16. Kh1 Rd8 17. Be2 Qxe5 18. Qc1 g5 19. Bh5 f6 20. Re1 Qd4 21. Nb5 Qh4 22. g4 b6 23. Qe3 Bb7 24. Qxe6+ 1-0

[Event "FICGS rapid C 000042 email"]
[Site "FICGS email"]
[Date "2007.12.24"]
[Round "1"]
[White "D Ottavio, Aldo"]
[Black "Serd, Than"]
[Result "1-0"]
[WhiteElo "1350"]
[BlackElo "1339"]
[PlyCount "39"]
[EventDate "2007.??.??"]
[EventType "tourn (rapid)"]
[EventRounds "4"]
[SourceTitle "Corr 2022"]
[Source "ChessBase"]
[SourceDate "2021.10.24"]
[SourceVersion "1"]
[SourceVersionDate "2021.10.24"]
[SourceQuality "1"]

1. e4 c6 2. d4 d5 3. Nc3 dxe4 4. Nxe4 Bf5 5. Ng3 Bg6 6. N1e2 h6 7. Nf4 Bh7 8. Bc4 Nf6 9. 0-0 e6 10. Re1 Be7 11. Bxe6 fxe6 12. Nxe6 Qd7 13. Nxg7+ Kf7 14. N7h5 Na6 15. Bxh6 Bg6 16. Bg5 Qg4 17. Qxg4 Nxg4 18. Rxe7+ Kf8 19. Nf4 Bf5 20. Nxf5 1-0

[Event "FICGS class E 000066 email"]
[Site "FICGS email"]
[Date "2007.11.05"]
[Round "1"]
[White "D Ottavio, Aldo"]
[Black "Dsouza, Stanislaus"]
[Result "1-0"]
[WhiteElo "1350"]
[BlackElo "1600"]
[PlyCount "49"]
[EventDate "2007.??.??"]
[EventType "tourn (corr)"]
[EventRounds "5"]
[SourceTitle "Corr 2022"]
[Source "ChessBase"]
[SourceDate "2021.10.24"]
[SourceVersion "1"]
[SourceVersionDate "2021.10.24"]
[SourceQuality "1"]

1. e4 b6 2. d4 Bb7 3. Bd3 f5 4. exf5 Bxg2 5. Qh5+ g6 6. fxg6 Bg7 7. gxh7+ Kf8 8. Nf3 Nf6 9. Qg6 Bxf3 10. Rg1 Rxh7 11. Qg3 Be4 12. Bxe4 Nxe4 13. Qf3+ Nf6 14. Qxa8 a5 15. Nd2 d5 16. Nf3 Nfd7 17. Ng5 Rh6 18. Qxd5 Qe8 19. Qf5+ Kg8 20. Ne6 Rxe6+ 21. Qxe6+ Qf7 22. Qg4 Nf6 23. Qc8+ Qe8 24. Qxc7 Nbd7 25. Bh6 1-0